El agua subterránea y los pozos : libro de referencia dedicado a la industria de los pozos de agua. /
Guardado en:
| Otros Autores: | |
|---|---|
| Formato: | Libro |
| Idioma: | Spanish |
| Publicado: |
Saint Paul :
Johnson Division UOP,
1975.
|
| Etiquetas: |
Agregar Etiqueta
Sin Etiquetas, Sea el primero en etiquetar este registro!
|
| LEADER | 00561nam a22001575a 4500 | ||
|---|---|---|---|
| 001 | EUN.um021693 | ||
| 003 | AR-BaUNS | ||
| 005 | 20050623122901.0 | ||
| 008 | 041125s1975####xxua##########000#0#spa#d | ||
| 245 | 0 | 3 | |a El agua subterránea y los pozos : |b libro de referencia dedicado a la industria de los pozos de agua. / |c Edward E. Johnson. |
| 260 | |a Saint Paul : |b Johnson Division UOP, |c 1975. | ||
| 300 | |a 513 p. : |b ilus. ; |c 24 cm. | ||
| 700 | 1 | |a Johnson, Edward E. |e edición. | |
| 082 | 0 | 4 | |a 551.49 |
| 082 | 0 | 4 | |a 628.1 |
| 859 | |a Ar-BaUNS |b BIB. CENTRAL - Sector A |h 551.49 |i J631 |p 75085/976 | ||
